01258nam a2200337 ia4500003000400000005001700004008004100021020003900062040002700101082001600128090002000144100003200164245002900196264005100225264001100276300008200287336002100369337002500390338002300415490003700438500002100475520020100496521001200697650004200709650003400751650004200785650002600827830003700853942001100890999001900901OSt20260525155428.0260525t20252025nyuoab br 001 0 eng d a9781510567078cRM137.50qhardback  aPPAK bengcPPAKerda 04a530.12422300a530.124bHICdK1 aHicton, Douglas, eauthor. 10aWAVES /cDOUGLAS HICTON  1aNew York : bLightbox Learning Inc., c[2025?] 4c©2025 a24 pages : bcolour photographs, colour illustrations, colour maps ; c26 cm  atext2rdacontent aunmediated2rdamedia avolume2rdacarrier1 aTHE BEGINNER'S GUIDE TO PHYSICS  aIncludes index.  a"All waves are disturbances that transfer energy. When waves move through matter, their energy is passed along from molecule to molecule. However, the matter itself does not actually move forward. aAges 6.10aWaves (Physics) vJuvenile literature20aPhysics vJuvenile literature20aPhysical sciencevJuvenile literature20aScience for children  0aThe beginner's guide to Physics  2ddccB c204448d204448